Periodic Table Elements #4 - Statistics

General Stats
  • This quiz has been taken 4 times
  • The average score is 10 of 15
Answer Stats
Number Element % Correct
72 Hafnium
100%
55 Cesium
67%
27 Cobalt
67%
57 Lanthanum
67%
103 Lawrencium
67%
15 Phosphorus
67%
45 Rhodium
67%
37 Rubidium
67%
34 Selenium
67%
43 Technetium
67%
81 Thallium
67%
50 Tin
67%
22 Titanium
67%
112 Copernicium
33%
116 Livermorium
33%
No matching quizzes found
Score Distribution
Percent of People with Each Score
Percentile by Number Answered
Your Score History
You have not taken this quiz